00726nam a2200205Ia 450000500170000000800410001702000240005804000190008204100120010108200170011310000250013024501010015526000710025630000410032750400400036865000540040865100250046270000230048785000100051020230419094012.0131103s9999 xx 000 0 und d a8187477311cRs. 200 aLoreto College aEnglish a338.954bCHA aChatterjee, Biswajit aTowards a district development report for West BengalcBiswajit Chatterjee and Dilip Kumar Ghosh aKalyanibState Institute of Panchayats and Rural Developmentc2003 a[7],133 p.b ill., col. maps, tables aIncludes bibliographical references aWest Bengal - Economic Developmental Report, 2003 aDistrict Development aGhosh, Dilip Kumar aLCLIB